[Event "19. Blankenburger Schachturnier, A-Gr."]
[Site "Blankenburg"]
[Date "2014.10.03"]
[Round "3.3"]
[White "Hamann, Marcus"]
[Black "Issing, Peter"]
[Result "0-1"]
[WhiteElo "1786"]
[BlackElo "2174"]
[PlyCount "108"]
[EventDate "2014.10.??"]

1. e4 c5 2. Nf3 e6 3. d4 cxd4 4. Nxd4 Nc6 5. Nc3 Qc7 6. Ndb5 Qb8 7. Be3 Nf6 8.
Be2 a6 9. Nd4 Bb4 10. Nxc6 bxc6 11. Bf3 d5 12. exd5 cxd5 13. O-O O-O 14. Na4 a5
15. c3 Bd6 16. h3 Ba6 17. Re1 Qc7 18. b3 Rab8 19. Bg5 Bb5 20. Bxf6 gxf6 21. Be2
Bxa4 22. bxa4 Qxc3 23. Bb5 f5 24. Rc1 Qf6 25. Rc6 Rbd8 26. Qb3 Kh8 27. Rd1 Qe5
28. g3 Rg8 29. Qc3 Qxc3 30. Rxc3 Kg7 31. Rc6 Bb4 32. Kg2 Rc8 33. Rdc1 Rxc6 34.
Rxc6 Kf6 35. Kf3 Re8 36. Ke3 Re7 37. f4 h6 38. Rc8 Ra7 39. Rc6 Be1 40. Kf3 Rb7
41. Rc1 Bb4 42. Rc8 Ra7 43. Ke2 Bd6 44. Rc6 Ke7 45. Rc8 Rc7 46. Ra8 Rc2+ 47.
Kf3 Bc5 48. g4 Rc3+ 49. Kg2 fxg4 50. hxg4 Bd6 51. Ra7+ Rc7 52. Rxa5 Bxf4 53.
Kf3 Be5 54. Ra8 Bd4 0-1

[Event "19. Blankenburger Schachturnier, A-Gr."]
[Site "Blankenburg"]
[Date "2014.10.03"]
[Round "3.4"]
[White "Frotscher, Thomas"]
[Black "Meyer, Stefan"]
[Result "1/2-1/2"]
[WhiteElo "2128"]
[BlackElo "2093"]
[PlyCount "32"]
[EventDate "2014.10.??"]

1. c4 f5 2. e4 fxe4 3. d3 Nf6 4. dxe4 e5 5. Bd3 Bb4+ 6. Bd2 Bxd2+ 7. Qxd2 d6 8.
h3 Nbd7 9. Nf3 O-O 10. Nc3 Nc5 11. O-O Nh5 12. Be2 Nf4 13. b4 Nce6 14. Nd5 Ng5
15. Nxg5 Qxg5 16. Nxf4 Qxf4 1/2-1/2

[Event "19. Blankenburger Schachturnier, A-Gr."]
[Site "Blankenburg"]
[Date "2014.10.03"]
[Round "3.5"]
[White "Vonhoff, Joerg"]
[Black "Stanke, Achim"]
[Result "0-1"]
[WhiteElo "1757"]
[BlackElo "2122"]
[PlyCount "38"]
[EventDate "2014.10.??"]

1. e4 c6 2. d4 g6 3. c3 d5 4. e5 Bg7 5. Bg5 f6 6. exf6 exf6 7. Qe2+ Kf7 8. Bf4
Nh6 9. Nd2 Re8 10. Be3 Nf5 11. O-O-O Nxe3 12. fxe3 Bh6 13. Qf3 Rxe3 14. Qf2 Qa5
15. Kb1 Bf5+ 16. Ka1 Rxc3 17. Ngf3 Ra3 18. Ne4 Rxa2+ 19. Kb1 Ra1+ 0-1

[Event "19. Blankenburger Schachturnier, A-Gr."]
[Site "Blankenburg"]
[Date "2014.10.03"]
[Round "3.6"]
[White "Dreke, Frank"]
[Black "Anderberg, Peter"]
[Result "1/2-1/2"]
[WhiteElo "1981"]
[BlackElo "2072"]
[PlyCount "29"]
[EventDate "2014.10.??"]

1. e4 d5 2. exd5 Qxd5 3. Nc3 Qa5 4. Nf3 Nf6 5. Bc4 c6 6. O-O Bg4 7. Re1 Nbd7 8.
d4 e6 9. h3 Bh5 10. g4 Bg6 11. Bd2 O-O-O 12. Nd5 Qa4 13. b3 Qa3 14. Bc1 Qa5 15.
Bd2 1/2-1/2

[Event "19. Blankenburger Schachturnier, A-Gr."]
[Site "Blankenburg"]
[Date "2014.10.03"]
[Round "3.7"]
[White "Michael, Dirk"]
[Black "Zerfass, Otfried"]
[Result "1-0"]
[WhiteElo "2069"]
[BlackElo "1893"]
[PlyCount "131"]
[EventDate "2014.10.??"]

1. c4 Nf6 2. Nf3 g6 3. b4 Bg7 4. Bb2 O-O 5. e3 d6 6. d4 Nbd7 7. Nbd2 Re8 8. Qc2
e5 9. Be2 c6 10. dxe5 dxe5 11. O-O Qc7 12. Bc3 Nf8 13. Qb2 Bg4 14. h3 Bxf3 15.
Nxf3 Ne4 16. Be1 Rad8 17. c5 Ne6 18. Bc4 N6g5 19. Nh2 Qe7 20. f3 Nf6 21. Rc1
Nd5 22. Qb3 Kh8 23. h4 Ne6 24. Rd1 Ndc7 25. Bg3 Rxd1 26. Rxd1 Rd8 27. Ng4 f6
28. Rxd8+ Nxd8 29. Qd1 Nde6 30. Qd6 Qe8 31. Kf2 h5 32. Nh2 Bf8 33. Qd2 Qd8 34.
Qc2 Kg7 35. Nf1 Nd5 36. Qb2 b6 37. cxb6 axb6 38. a3 c5 39. b5 Nec7 40. Nd2 Qd7
41. Ne4 Be7 42. Qd2 Qd8 43. a4 Kh6 44. f4 exf4 45. exf4 Kg7 46. Kg1 Qa8 47. Nf2
Nb4 48. f5 Ncd5 49. fxg6 Kxg6 50. Qe2 Qd8 51. Qe6 Bf8 52. Qg8+ Kh6 53. Qh8+ Kg6
54. Be2 Qe7 55. Bxh5+ Kf5 56. Bg4+ Kg6 57. Qh5+ Kg7 58. Bf5 Kg8 59. Ng4 Na2 60.
Bh7+ Qxh7 61. Qxd5+ Qf7 62. Nxf6+ Kg7 63. Qf5 Kh8 64. Be5 Bg7 65. h5 Qc4 66.
Ne8 1-0

[Event "19. Blankenburger Schachturnier, A-Gr."]
[Site "Blankenburg"]
[Date "2014.10.03"]
[Round "3.8"]
[White "Willberg, Frank"]
[Black "Post, Hugo"]
[Result "0-1"]
[WhiteElo "2013"]
[BlackElo "1652"]
[PlyCount "88"]
[EventDate "2014.10.??"]

1. Nf3 d5 2. g3 c5 3. c4 e6 4. Bg2 Nf6 5. O-O Nc6 6. cxd5 exd5 7. d4 Bf5 8. Nc3
Be7 9. Be3 c4 10. Ne5 O-O 11. Qa4 Rc8 12. Qb5 Nb4 13. a3 a6 14. Qxb7 Rb8 15.
Qa7 Ra8 16. Qb7 Rb8 17. Qxb8 Qxb8 18. axb4 Bxb4 19. Nc6 Qb6 20. Nxd5 Nxd5 21.
Bxd5 Bh3 22. Rfc1 Bd6 23. Bxc4 Kh8 24. Rxa6 Qxb2 25. Rca1 Qb7 26. d5 Qb2 27.
Bd4 Qc2 28. Bd3 Qb3 29. R6a5 Qb7 30. Rb5 Qd7 31. Be5 Bxe5 32. Nxe5 Qe7 33. Nc6
Qf6 34. Rab1 g6 35. Rb6 Qg5 36. d6 Qd5 37. f3 Qc5+ 38. Kh1 Qf2 39. Rg1 Qxb6 40.
Be4 Re8 41. g4 Rxe4 42. d7 Rd4 43. Ne5 Qe6 44. Rc1 Kg7 0-1

[Event "19. Blankenburger Schachturnier, A-Gr."]
[Site "Blankenburg"]
[Date "2014.10.03"]
[Round "3.9"]
[White "Herdzik, Matthias"]
[Black "Perkampus, Lars"]
[Result "0-1"]
[WhiteElo "1843"]
[BlackElo "1975"]
[PlyCount "64"]
[EventDate "2014.10.??"]

1. e4 c5 2. Nf3 Nc6 3. d4 cxd4 4. Nxd4 Nf6 5. Nc3 a6 6. Be3 d5 7. exd5 Nxd5 8.
Bc4 Nxc3 9. bxc3 Ne5 10. Bb3 Qc7 11. O-O Ng4 12. g3 e5 13. Re1 Bc5 14. Ba4+ b5
15. Nxb5 axb5 16. Bxb5+ Ke7 17. Bd4 Rd8 18. Qf3 Be6 19. h3 exd4 20. Qxg4 Kf8
21. Rxe6 fxe6 22. Bc4 Qe5 23. Bxe6 dxc3 24. Rb1 Ra7 25. Kf1 Rd2 26. Qf3+ Qf6
27. Rb8+ Ke7 28. Re8+ Kxe8 29. Qc6+ Ke7 30. Qxc5+ Kxe6 31. Qb6+ Kf7 32. Qxa7+
Kg6 0-1

[Event "19. Blankenburger Schachturnier, A-Gr."]
[Site "Blankenburg"]
[Date "2014.10.03"]
[Round "3.10"]
[White "Dietze, Thomas"]
[Black "Junker, Stefan"]
[Result "1/2-1/2"]
[WhiteElo "1919"]
[BlackElo "1825"]
[PlyCount "54"]
[EventDate "2014.10.??"]

1. d4 Nf6 2. Nf3 g6 3. c4 Bg7 4. Nc3 O-O 5. e4 d6 6. Be2 c5 7. d5 e6 8. O-O
exd5 9. exd5 Bf5 10. Bf4 Ne4 11. Nxe4 Bxe4 12. Bd3 Qf6 13. Bg5 Bxf3 14. Bxf6
Bxd1 15. Bxg7 Kxg7 16. Raxd1 Re8 17. Rde1 Nd7 18. f4 Nf6 19. Bc2 Rxe1 20. Rxe1
Re8 21. Rxe8 Nxe8 22. Kf2 f5 23. Bd1 Nf6 24. Bf3 Kf7 25. Ke3 Ke7 26. h3 h5 27.
g3 Kf7 1/2-1/2

[Event "19. Blankenburger Schachturnier, A-Gr."]
[Site "Blankenburg"]
[Date "2014.10.03"]
[Round "3.11"]
[White "Kasper, Mike"]
[Black "Timar-Geng,Zoltan, Stefan"]
[Result "1-0"]
[WhiteElo "1894"]
[BlackElo "1864"]
[PlyCount "101"]
[EventDate "2014.10.??"]

1. e4 e5 2. Nf3 Nc6 3. Bc4 Bc5 4. O-O d6 5. Ng5 Qxg5 6. d4 Qg6 7. dxc5 dxc5 8.
Nc3 Bh3 9. Qf3 Bg4 10. Bxf7+ Qxf7 11. Qxg4 Nf6 12. Qf5 g6 13. Qg5 h6 14. Qe3
Nd4 15. Qg3 Qe7 16. Qxg6+ Kd7 17. Rd1 Rag8 18. Qf5+ Kc6 19. Qh3 Rg6 20. Qd3 b5
21. Nxb5 Rxg2+ 22. Kxg2 Rg8+ 23. Kf1 Nxb5 24. a4 Nd6 25. Be3 Qg7 26. Qa6+ Kd7
27. Rxd6+ cxd6 28. Qxa7+ Kc6 29. Qxg7 Rxg7 30. f3 h5 31. a5 Ra7 32. Kf2 Kb5 33.
Bd2 Ka6 34. Rg1 Rf7 35. Ke3 Kb5 36. b3 d5 37. exd5 Nxd5+ 38. Ke4 Nb4 39. c3 Nc6
40. c4+ Ka6 41. Rg6 Kb7 42. f4 Rd7 43. Be3 Nxa5 44. Bxc5 exf4 45. Kxf4 Rd3 46.
Rg3 Rd2 47. Bb4 Ra2 48. Bxa5 Rxa5 49. Rg5 Ra3 50. Rxh5 Rxb3 51. Rb5+ 1-0

[Event "19. Blankenburger Schachturnier, A-Gr."]
[Site "Blankenburg"]
[Date "2014.10.03"]
[Round "3.12"]
[White "Walther, Joachim"]
[Black "Hoffmann, Annett"]
[Result "0-1"]
[WhiteElo "1888"]
[BlackElo "1992"]
[PlyCount "82"]
[EventDate "2014.10.??"]

1. d4 Nf6 2. c4 e6 3. Nc3 c5 4. d5 d6 5. e4 Be7 6. Bd3 Na6 7. Nge2 Bd7 8. O-O
O-O 9. f4 exd5 10. cxd5 Nc7 11. a4 b6 12. Ng3 Ng4 13. h3 Nh6 14. Qh5 Be8 15.
Qf3 f6 16. b3 a6 17. Qe2 Bd7 18. Bb2 Re8 19. Rae1 Qb8 20. Ra1 Qb7 21. Rfe1 Rab8
22. Rad1 b5 23. e5 bxa4 24. e6 Bb5 25. Nxb5 axb5 26. Qe4 g6 27. Bc2 axb3 28.
Bxb3 Rf8 29. f5 g5 30. h4 Ne8 31. Nh5 b4 32. Bc2 b3 33. Bb1 Qa7 34. Kh1 Rb4 35.
Bd4 Rxd4 36. Rxd4 cxd4 37. hxg5 fxg5 38. f6 Bxf6 39. Qxh7+ Qxh7 40. Bxh7+ Kxh7
41. Rb1 Be5 0-1

[Event "19. Blankenburger Schachturnier, A-Gr."]
[Site "Blankenburg"]
[Date "2014.10.03"]
[Round "3.13"]
[White "Dietz, Florian"]
[Black "Kreyssing, Bruno"]
[Result "1-0"]
[WhiteElo "1776"]
[BlackElo "1895"]
[PlyCount "59"]
[EventDate "2014.10.??"]

1. e4 c5 2. Nf3 d6 3. d4 cxd4 4. Nxd4 Nf6 5. Nc3 g6 6. Be3 Bg7 7. f3 O-O 8. Bc4
Nc6 9. Qd2 Bd7 10. O-O-O Qa5 11. Kb1 Rfc8 12. Bb3 Ne5 13. h4 Nc4 14. Bxc4 Rxc4
15. Nb3 Qc7 16. g4 Be6 17. h5 a5 18. Bh6 Bh8 19. hxg6 fxg6 20. Be3 Rc8 21. Qh2
a4 22. Nd4 Bf7 23. Ncb5 Qa5 24. Bd2 Qb6 25. Bc3 Rxc3 26. bxc3 Bc4 27. Ka1 Bxb5
28. Rb1 Rxc3 29. Nxb5 Nxe4 30. Qxh7+ 1-0

[Event "19. Blankenburger Schachturnier, A-Gr."]
[Site "Blankenburg"]
[Date "2014.10.03"]
[Round "4.1"]
[White "Bente, Björn"]
[Black "Schütze, Norman"]
[Result "1/2-1/2"]
[WhiteElo "2268"]
[BlackElo "2277"]
[PlyCount "94"]
[EventDate "2014.10.??"]

1. d4 Nf6 2. c4 g6 3. Nc3 d5 4. cxd5 Nxd5 5. e4 Nxc3 6. bxc3 Bg7 7. Bg5 c5 8.
Rc1 cxd4 9. cxd4 O-O 10. Nf3 Bg4 11. d5 Qd6 12. Qd2 Nd7 13. Bf4 Qa3 14. Qe3
Qxa2 15. Bc4 Qa5+ 16. Nd2 Nb6 17. O-O Rac8 18. Bd3 Rxc1 19. Rxc1 Rc8 20. Rxc8+
Bxc8 21. Bc7 Qc3 22. Bxb6 axb6 23. Bb5 Qc1+ 24. Nf1 Qc5 25. Qxc5 bxc5 26. Nd2
f5 27. f3 fxe4 28. fxe4 Bg4 29. Kf1 g5 30. Nc4 Bc3 31. e5 Kf8 32. d6 exd6 33.
exd6 Be6 34. Ke2 Bxc4+ 35. Bxc4 Be5 36. h3 Bxd6 37. Kd3 Ke7 38. Bd5 b5 39. Bc6
b4 40. Bd5 Be5 41. Kc4 Kd6 42. Bg8 h6 43. Kb3 Bg7 44. Bf7 Ke5 45. Bg8 Bf8 46.
Bf7 Ke4 47. Bg8 Ke3 1/2-1/2

[Event "19. Blankenburger Schachturnier, A-Gr."]
[Site "Blankenburg"]
[Date "2014.10.03"]
[Round "4.2"]
[White "Issing, Peter"]
[Black "Stanke, Achim"]
[Result "1/2-1/2"]
[WhiteElo "2174"]
[BlackElo "2122"]
[PlyCount "92"]
[EventDate "2014.10.??"]

1. d4 g6 2. Nf3 Bg7 3. g3 d6 4. Bg2 Nd7 5. O-O e5 6. c4 Nh6 7. dxe5 dxe5 8. Nc3
O-O 9. e4 c6 10. b3 f6 11. Qc2 Qc7 12. Ba3 Re8 13. Rfd1 Nf7 14. Rac1 Nf8 15.
Qb2 f5 16. b4 f4 17. b5 Bg4 18. h3 Bxf3 19. Bxf3 fxg3 20. fxg3 Bh6 21. Rb1 Be3+
22. Kh2 Bd4 23. Qc2 Ne6 24. bxc6 bxc6 25. Bg2 Rad8 26. Ne2 Bf2 27. Ng1 Be3 28.
Nf3 Nd4 29. Qc3 Bf2 30. Qb2 Nxf3+ 31. Bxf3 Rxd1 32. Bxd1 Be3 33. Qe2 Bd4 34. c5
Kg7 35. Bb3 Rf8 36. Rf1 Qe7 37. Bc1 Bxc5 38. h4 h6 39. Qd2 g5 40. Bxf7 Rxf7 41.
Rxf7+ Qxf7 42. hxg5 Qh5+ 43. Kg2 Qxg5 44. Qxg5+ hxg5 45. Bxg5 Kg6 46. Bd8 Bd4
1/2-1/2

[Event "19. Blankenburger Schachturnier, A-Gr."]
[Site "Blankenburg"]
[Date "2014.10.03"]
[Round "4.3"]
[White "Michael, Dirk"]
[Black "Kahe, Ralph"]
[Result "1-0"]
[WhiteElo "2069"]
[BlackElo "2193"]
[PlyCount "57"]
[EventDate "2014.10.??"]

1. c4 g6 2. h4 Nf6 3. b4 Bg7 4. Bb2 O-O 5. e3 c6 6. Be2 d5 7. Na3 Nbd7 8. Rc1
a6 9. Nf3 Re8 10. cxd5 cxd5 11. Qb3 e5 12. g4 e4 13. g5 Ng4 14. Bxg7 Kxg7 15.
Nd4 Nde5 16. Rc5 Be6 17. Nxe6+ fxe6 18. Qc3 Kg8 19. Rg1 h5 20. gxh6 Qxh4 21.
Bxg4 Nd3+ 22. Kd1 Re7 23. Bxe6+ Kh7 24. Rxd5 Qxf2 25. Rdg5 Qf3+ 26. Kc2 Qf8 27.
Rxg6 Nxb4+ 28. Qxb4 Rc7+ 29. Kb3 1-0

[Event "19. Blankenburger Schachturnier, A-Gr."]
[Site "Blankenburg"]
[Date "2014.10.03"]
[Round "4.4"]
[White "Dreke, Frank"]
[Black "Frotscher, Thomas"]
[Result "1/2-1/2"]
[WhiteElo "1981"]
[BlackElo "2128"]
[PlyCount "79"]
[EventDate "2014.10.??"]

1. c4 c5 2. Nc3 Nc6 3. Nf3 e5 4. e3 d6 5. d4 Bg4 6. d5 Nce7 7. h3 Bd7 8. a3 f5
9. b4 b6 10. Ng5 a6 11. Ne6 Qc8 12. Nxf8 Kxf8 13. f4 Ng6 14. g3 Nf6 15. Rb1 Kf7
16. Be2 Rb8 17. O-O h5 18. h4 exf4 19. exf4 Ng4 20. Qd3 Qd8 21. Kg2 Re8 22. Bd2
Qf6 23. Rbe1 Re7 24. Bf3 Rbe8 25. Rxe7+ Rxe7 26. Re1 Nf8 27. Rxe7+ Qxe7 28. b5
axb5 29. Nxb5 g6 30. a4 Bxb5 31. axb5 Qa7 32. Qc2 Qa3 33. Bxg4 hxg4 34. Bc3 Kg8
35. Kh2 Nh7 36. Bb2 Qe3 37. Ba1 Qa3 38. Qb2 Qxb2+ 39. Bxb2 Kf7 40. Kg2 1/2-1/2

[Event "19. Blankenburger Schachturnier, A-Gr."]
[Site "Blankenburg"]
[Date "2014.10.03"]
[Round "4.5"]
[White "Post, Hugo"]
[Black "Meyer, Stefan"]
[Result "0-1"]
[WhiteElo "1652"]
[BlackElo "2093"]
[PlyCount "44"]
[EventDate "2014.10.??"]

1. e4 c5 2. Nf3 g6 3. d4 Bg7 4. Nc3 cxd4 5. Nxd4 Nc6 6. Be3 Nf6 7. Bc4 O-O 8.
Bb3 a5 9. a4 Ng4 10. Qxg4 Nxd4 11. Bxd4 Bxd4 12. O-O-O Bxc3 13. bxc3 Qc7 14.
Kb2 d6 15. Qg3 b5 16. axb5 a4 17. Bd5 Rb8 18. h4 Rxb5+ 19. Ka2 e6 20. Qd3 Rc5
21. h5 exd5 22. hxg6 fxg6 0-1

[Event "19. Blankenburger Schachturnier, A-Gr."]
[Site "Blankenburg"]
[Date "2014.10.03"]
[Round "4.7"]
[White "Perkampus, Lars"]
[Black "Hamann, Marcus"]
[Result "1-0"]
[WhiteElo "1975"]
[BlackElo "1786"]
[PlyCount "69"]
[EventDate "2014.10.??"]

1. d4 f5 2. Nf3 Nf6 3. c4 e6 4. Nc3 c6 5. a3 d5 6. e3 Bd6 7. b4 O-O 8. Bd2 Ne4
9. Bd3 Qf6 10. c5 Bc7 11. Qe2 e5 12. dxe5 Bxe5 13. Nxe5 Qxe5 14. Rc1 Nxd2 15.
Qxd2 Nd7 16. Ne2 Nf6 17. O-O Ng4 18. g3 Qe7 19. Nd4 Ne5 20. Qc2 Nxd3 21. Qxd3
a6 22. f4 Re8 23. Rc3 Qe4 24. Nf3 Qxd3 25. Rxd3 a5 26. Rb1 axb4 27. axb4 b6 28.
cxb6 Rb8 29. Ne5 Rxb6 30. Rc3 Re6 31. b5 Ba6 32. Ra1 Rxe5 33. fxe5 Bxb5 34. Ra7
Rb8 35. Rca3 1-0

[Event "19. Blankenburger Schachturnier, A-Gr."]
[Site "Blankenburg"]
[Date "2014.10.03"]
[Round "4.9"]
[White "Zerfass, Otfried"]
[Black "Willberg, Frank"]
[Result "0-1"]
[WhiteElo "1893"]
[BlackElo "2013"]
[PlyCount "60"]
[EventDate "2014.10.??"]

1. e4 Nf6 2. Nc3 d5 3. exd5 Nxd5 4. d4 e6 5. Bd3 Nc6 6. Nge2 Bb4 7. a3 Nxc3 8.
bxc3 Bd6 9. Ng3 Qh4 10. Ne4 Be7 11. Qf3 f5 12. Ng3 Bd6 13. Nh5 g6 14. Nf4 e5
15. Qe2 O-O 16. g3 Qf6 17. Bc4+ Kh8 18. Nd5 Qg7 19. h4 exd4 20. h5 g5 21. h6
Qg6 22. Kf1 dxc3 23. Rh5 f4 24. gxf4 gxf4 25. Rh4 f3 26. Qe3 Bh3+ 27. Rxh3 Qg2+
28. Ke1 Qxh3 29. Qxc3+ Be5 30. Bb2 Rae8 0-1

[Event "19. Blankenburger Schachturnier, A-Gr."]
[Site "Blankenburg"]
[Date "2014.10.03"]
[Round "4.10"]
[White "Hofmann, Annett"]
[Black "Herdzik, Matthias"]
[Result "1-0"]
[WhiteElo "1992"]
[BlackElo "1843"]
[PlyCount "47"]
[EventDate "2014.10.??"]

1. e4 c5 2. Nf3 d6 3. d4 cxd4 4. Nxd4 Nf6 5. Nc3 a6 6. Be3 e5 7. Nde2 Be6 8. f3
Be7 9. g4 d5 10. exd5 Nxd5 11. Nxd5 Qxd5 12. Qxd5 Bxd5 13. Bg2 Nc6 14. O-O-O
Be6 15. Nc3 O-O 16. Nd5 Rad8 17. Nxe7+ Nxe7 18. Bc5 Rde8 19. Rhe1 f6 20. h3 Rf7
21. f4 Rc8 22. b4 Bxa2 23. Bxb7 Re8 24. Bxa6 1-0

[Event "19. Blankenburger Schachturnier, A-Gr."]
[Site "Blankenburg"]
[Date "2014.10.03"]
[Round "4.11"]
[White "Dietz, Florian"]
[Black "Ditze, Thomas"]
[Result "1/2-1/2"]
[WhiteElo "1776"]
[BlackElo "1919"]
[PlyCount "53"]
[EventDate "2014.10.??"]

1. e4 c6 2. d4 d5 3. exd5 cxd5 4. Bd3 Nc6 5. c3 g6 6. h3 Nf6 7. Bf4 Bg7 8. Nf3
O-O 9. O-O Bf5 10. Re1 a6 11. Qc2 Bxd3 12. Qxd3 Qb6 13. Nbd2 Rac8 14. Nb3 Ne4
15. Ng5 Nxg5 16. Bxg5 e6 17. Nc5 Qc7 18. Qe3 Nb8 19. Bf4 Qc6 20. Qg3 Nd7 21.
Nd3 Rfe8 22. h4 Nf6 23. Qh3 h5 24. Qf3 Ng4 25. Bg5 Qd6 26. Bf4 Qe7 27. Bg5
1/2-1/2

[Event "19. Blankenburger Schachturnier, A-Gr."]
[Site "Blankenburg"]
[Date "2014.10.03"]
[Round "4.12"]
[White "Junker, Stefan"]
[Black "Timar-Geng, Dr. Zoltan"]
[Result "0-1"]
[WhiteElo "1825"]
[BlackElo "1864"]
[PlyCount "116"]
[EventDate "2014.10.??"]

1. Nf3 d5 2. g3 Nf6 3. Bg2 c6 4. O-O Nbd7 5. d4 g6 6. b3 Bg7 7. Bb2 O-O 8. Nbd2
Re8 9. c4 e6 10. Qc2 a5 11. Rfd1 Qb6 12. e3 Qa7 13. a4 b6 14. Bf1 Bb7 15. Bg2
Rac8 16. Rdc1 Qa8 17. Qd1 c5 18. Rc2 Red8 19. Qf1 dxc4 20. bxc4 Ne4 21. Nxe4
Bxe4 22. Ng5 Bxg2 23. Qxg2 Qxg2+ 24. Kxg2 cxd4 25. exd4 Nb8 26. Nf3 Nc6 27. Rd1
Rd7 28. c5 Nb4 29. Rc4 bxc5 30. Ng5 Rdc7 31. Ne4 cxd4 32. Rxc7 Rxc7 33. Nd6 Rd7
34. Nc4 Nc6 35. f4 d3 36. Bxg7 Kxg7 37. Kf2 Rd4 38. Nb2 Nb4 39. Ke3 Nc2+ 40.
Kd2 Nb4 41. Kc3 Re4 42. Nc4 Nd5+ 43. Kxd3 Rxc4 44. Kxc4 Ne3+ 45. Kb5 Nxd1 46.
Kxa5 Nc3 47. Kb4 Nxa4 48. Kxa4 Kf6 49. Kb4 Kf5 50. Kc5 g5 51. fxg5 Kxg5 52. h3
h5 53. Kd6 Kf5 54. Ke7 e5 55. Kxf7 e4 56. Kg7 Kg5 57. h4+ Kg4 58. Kh6 e3 0-1

[Event "19. Blankenburger Schachturnier, A-Gr."]
[Site "Blankenburg"]
[Date "2014.10.03"]
[Round "4.13"]
[White "Kreyssig, Bruno"]
[Black "Walther, Joachim"]
[Result "1-0"]
[WhiteElo "1895"]
[BlackElo "1888"]
[PlyCount "63"]
[EventDate "2014.10.??"]

1. e4 c5 2. Nf3 d6 3. d4 cxd4 4. Nxd4 Nf6 5. Nc3 a6 6. g3 e5 7. Nde2 b5 8. Bg2
Bb7 9. Bg5 Be7 10. Bxf6 Bxf6 11. Nd5 Nd7 12. Nec3 O-O 13. O-O Rc8 14. a4 bxa4
15. Rxa4 Rb8 16. Qd2 Bxd5 17. Nxd5 Rxb2 18. Rxa6 Qc8 19. Rxd6 Rxc2 20. Qd3 Qc5
21. Rxd7 Rc8 22. Nxf6+ gxf6 23. Rd8+ Kg7 24. Rxc8 Qxc8 25. Rd1 Qc5 26. Qf3 Rc1
27. Qg4+ Kf8 28. h4 Qc2 29. Rxc1 Qxc1+ 30. Kh2 Qd2 31. Qf5 h6 32. Qxf6 1-0

[Event "19. Blankenburger Schachturnier, A-Gr."]
[Site "Blankenburg"]
[Date "2014.10.04"]
[Round "5.1"]
[White "Stanke, Achim"]
[Black "Bente, Björn"]
[Result "1/2-1/2"]
[WhiteElo "2122"]
[BlackElo "2268"]
[PlyCount "43"]
[EventDate "2014.10.??"]

1. d4 Nf6 2. g3 d5 3. Bg2 c5 4. Nf3 Nc6 5. c4 e6 6. O-O Be7 7. Nc3 O-O 8. cxd5
exd5 9. dxc5 Bxc5 10. Bg5 d4 11. Bxf6 Qxf6 12. Ne4 Qe7 13. Nxc5 Qxc5 14. Rc1
Qb6 15. Qc2 h6 16. Rfd1 Be6 17. b3 Rfd8 18. Qc5 Qa6 19. Rd2 Rd5 20. Qc2 Rd6 21.
Rcd1 Rad8 22. Qb2 1/2-1/2

[Event "19. Blankenburger Schachturnier, A-Gr."]
[Site "Blankenburg"]
[Date "2014.10.04"]
[Round "5.2"]
[White "Schütze, Norman"]
[Black "Michael, Dirk"]
[Result "1-0"]
[WhiteElo "2277"]
[BlackElo "2069"]
[PlyCount "71"]
[EventDate "2014.10.??"]

1. e4 c6 2. d4 d5 3. Nc3 dxe4 4. Nxe4 Nf6 5. Nxf6+ gxf6 6. c3 Qc7 7. Ne2 Bg4 8.
h3 Bh5 9. Qb3 e6 10. Bf4 Qb6 11. Ng3 Bg6 12. h4 h5 13. Bc4 Qxb3 14. axb3 Nd7
15. b4 Nb6 16. Be2 Nd5 17. Bd2 Bd6 18. O-O Ke7 19. Bf3 Bxg3 20. fxg3 Bd3 21.
Rfe1 Nb6 22. b3 Bc2 23. b5 Kd7 24. bxc6+ bxc6 25. Ra3 a5 26. Rc1 Bd3 27. c4 a4
28. Be3 Ra6 29. Rc3 Bf5 30. b4 Ra7 31. d5 Rb8 32. dxc6+ Kc7 33. b5 Bg4 34. c5
Bxf3 35. cxb6+ Kd8 36. c7+ 1-0

[Event "19. Blankenburger Schachturnier, A-Gr."]
[Site "Blankenburg"]
[Date "2014.10.04"]
[Round "5.3"]
[White "Meyer, Stefan"]
[Black "Issing, Peter"]
[Result "0-1"]
[WhiteElo "2093"]
[BlackElo "2174"]
[PlyCount "74"]
[EventDate "2014.10.??"]

1. e4 e6 2. d3 c5 3. g3 Nc6 4. Bg2 Nf6 5. Nf3 d5 6. Nbd2 Be7 7. O-O O-O 8. Re1
b5 9. e5 Nd7 10. Nf1 b4 11. h4 a5 12. Bf4 Ba6 13. N1h2 a4 14. a3 bxa3 15. bxa3
Rb8 16. Ng4 Nd4 17. Qd2 Rb2 18. Nxd4 cxd4 19. Bg5 h5 20. Nh2 Bxg5 21. hxg5 Qc7
22. Rac1 Rc8 23. g6 fxg6 24. Qg5 Nf8 25. Nf3 Rxc2 26. Rcd1 Qf7 27. Rd2 R2c3 28.
Red1 Rxa3 29. Nxd4 Rac3 30. Bf1 Qa7 31. Ne2 Rc2 32. Nf4 Qf7 33. Bh3 R2c7 34.
Kg2 Bb5 35. Rb2 Be8 36. Rb6 Rc6 37. Rb4 Nh7 0-1

[Event "19. Blankenburger Schachturnier, A-Gr."]
[Site "Blankenburg"]
[Date "2014.10.04"]
[Round "5.4"]
[White "Frotscher, Thomas"]
[Black "Perkampus, Lars"]
[Result "1/2-1/2"]
[WhiteElo "2128"]
[BlackElo "1975"]
[PlyCount "40"]
[EventDate "2014.10.??"]

1. c4 c5 2. Nc3 Nc6 3. g3 g6 4. Bg2 Bg7 5. d3 d6 6. Rb1 e6 7. a3 Nge7 8. e4 O-O
9. Nge2 a5 10. O-O b6 11. Be3 e5 12. h3 Bd7 13. Nb5 Qb8 14. f4 Nd4 15. Nbxd4
cxd4 16. Bf2 b5 17. b3 Qa7 18. Kh2 bxc4 19. bxc4 Rab8 20. Qc2 Qc5 1/2-1/2

[Event "19. Blankenburger Schachturnier, A-Gr."]
[Site "Blankenburg"]
[Date "2014.10.04"]
[Round "5.5"]
[White "Vonhoff, Nils"]
[Black "Dreke, Frank"]
[Result "1-0"]
[WhiteElo "1967"]
[BlackElo "1981"]
[PlyCount "101"]
[EventDate "2014.10.??"]

1. e4 Nf6 2. e5 Nd5 3. d4 d6 4. c4 Nb6 5. exd6 exd6 6. Nf3 Be7 7. Be2 Bg4 8.
Be3 O-O 9. Nbd2 Re8 10. O-O Bf6 11. Bd3 Nc6 12. h3 Bh5 13. Qb1 Bg6 14. a3 d5
15. c5 Nc8 16. Bxg6 fxg6 17. b4 a6 18. g4 Qd7 19. Kg2 Qf7 20. Qd3 h6 21. Rae1
N8e7 22. Ng1 g5 23. f4 gxf4 24. Bxf4 Ng6 25. Be3 Re6 26. Kh1 Rae8 27. Ndf3 Qd7
28. Bd2 Re4 29. Ne5 Ngxe5 30. dxe5 Rxe1 31. Rxe1 Rxe5 32. Rf1 Re6 33. Qf5 Ne7
34. Qf3 c6 35. Ne2 Ng6 36. Ng3 Nh4 37. Qf2 d4 38. Nh5 Qd5+ 39. Kg1 Qd7 40.
Nxf6+ Rxf6 41. Qxh4 Rxf1+ 42. Kxf1 Qd5 43. Qg3 Qh1+ 44. Kf2 Qd1 45. Qd3 Qh1 46.
Bf4 Qd5 47. Bd6 h5 48. Kg3 hxg4 49. hxg4 b6 50. Qf3 Qe6 51. Qf8+ 1-0

[Event "19. Blankenburger Schachturnier, A-Gr."]
[Site "Blankenburg"]
[Date "2014.10.04"]
[Round "5.6"]
[White "Kahe, Ralph"]
[Black "Post, Hugo"]
[Result "1-0"]
[WhiteElo "2193"]
[BlackElo "1652"]
[PlyCount "59"]
[EventDate "2014.10.??"]

1. d4 Nf6 2. c4 c5 3. d5 b5 4. cxb5 d6 5. Nc3 a6 6. e4 g6 7. bxa6 Bxa6 8. Bxa6
Nxa6 9. Nge2 Bg7 10. O-O O-O 11. h3 c4 12. Be3 Qa5 13. Nd4 Nb4 14. a3 Nd3 15.
Qc2 Qa6 16. Rab1 Rfc8 17. Rfd1 Nc5 18. Nc6 Kf8 19. Bxc5 dxc5 20. a4 Rc7 21. Nb5
Rb7 22. Qxc4 Qxa4 23. Qxa4 Rxa4 24. Nc3 Ra6 25. e5 Nh5 26. Ra1 Rxa1 27. Rxa1
Bh6 28. g3 f5 29. Ra8+ Kf7 30. Nd8+ 1-0

[Event "19. Blankenburger Schachturnier, A-Gr."]
[Site "Blankenburg"]
[Date "2014.10.04"]
[Round "5.7"]
[White "Willberg, Frank"]
[Black "Anderberg, Peter"]
[Result "1/2-1/2"]
[WhiteElo "2013"]
[BlackElo "2072"]
[PlyCount "20"]
[EventDate "2014.10.??"]

1. Nf3 Nf6 2. g3 c5 3. c4 g6 4. Bg2 Bg7 5. Nc3 O-O 6. d4 cxd4 7. Nxd4 Nc6 8.
O-O Nxd4 9. Qxd4 d6 10. Qd2 Qc7 1/2-1/2

[Event "19. Blankenburger Schachturnier, A-Gr."]
[Site "Blankenburg"]
[Date "2014.10.04"]
[Round "5.8"]
[White "Kasper, Mike"]
[Black "Hofmann, Annett"]
[Result "1/2-1/2"]
[WhiteElo "1894"]
[BlackElo "1992"]
[PlyCount "32"]
[EventDate "2014.10.??"]

1. e4 c5 2. Na3 d6 3. Nf3 Nf6 4. c3 Bd7 5. e5 Ng4 6. exd6 exd6 7. d4 Be7 8. Bd3
Nc6 9. Nc2 O-O 10. O-O Re8 11. h3 Nf6 12. Bf4 b6 13. Bc4 d5 14. Ba6 Bc8 15. Bb5
Bd7 16. Ba6 Bc8 1/2-1/2